Innovations in urban revitalization
| Other Authors: | |
|---|---|
| Format: | Book |
| Published: |
Massachusetts :
Lincoln Institute of Land Policy ,
1987
|
| Subjects: |
MARC
| LEADER | 00000cam a2200000 7i4500 | ||
|---|---|---|---|
| 001 | 0000002308 | ||
| 005 | 20050622.0 | ||
| 040 | |a INS | ||
| 090 | 0 | 0 | |a HT108. |b H8599 1987 |
| 245 | 1 | 0 | |a Innovations in urban revitalization |c edited by Christopher K. Howes and visiting proffessor, University College, London |
| 260 | |a Massachusetts : |b Lincoln Institute of Land Policy , |c 1987 | ||
| 300 | |a 47p ; |c 23 cm. | ||
| 650 | 0 | 0 | |a Urban renewal |
| 700 | 1 | |a Howes, Christopher K. | |
| 999 | |a 0000003873 |b BOOK |c Open Shelf |e Default branch | ||